Treatment of recalcitrant wastewater using UV activated sulphate oxidant /
Saved in:
| 主要作者: | |
|---|---|
| 格式: | Thesis 圖書 |
| 語言: | English |
| 出版: |
2017.
|
| 主題: | |
| 標簽: |
添加標簽
沒有標簽, 成為第一個標記此記錄!
|
| LEADER | 01393cam a2200337 i 4500 | ||
|---|---|---|---|
| 001 | u1048251 | ||
| 003 | SIRSI | ||
| 005 | 201703011627 | ||
| 008 | 170302s2017 my a m 000 0 eng | ||
| 040 | |a UMJ |d UMM |e rda | ||
| 090 | |a TD7 |b UM 2017 Nti | ||
| 097 | |a TD7 |b UM 2017 Nti | ||
| 100 | 2 | |a Ntiamoah-Asare, Jardelle Doreen, |e author. | |
| 245 | 1 | 0 | |a Treatment of recalcitrant wastewater using UV activated sulphate oxidant / |c Doreen Jardelle Ntiamoah-Asare. |
| 264 | 1 | |c 2017. | |
| 264 | 4 | |c 2017. | |
| 300 | |a xiv, 75 leaves : |b illustrations ; |c 30 cm. | ||
| 336 | |a text |2 rdacontent | ||
| 337 | |a unmediated |2 rdamedia | ||
| 338 | |a volume |2 rdacarrier | ||
| 502 | |b M.Eng. |c Jabatan Kejuruteraan Kimia, Fakulti Kejuruteraan, Universiti Malaya |d 2017. | ||
| 504 | |a Bibliography: leaves 64-75. | ||
| 530 | |a Also issued in CD. | ||
| 650 | 0 | |a Textile industry |x Environmental aspects. | |
| 650 | 0 | |a Sewage |x Purification. | |
| 710 | 2 | |a Universiti Malaya. |b Jabatan Kejuruteraan Kimia, |e degree granting institution. | |
| 900 | |a AMA NSR | ||
| 596 | |a 1 7 | ||
| 999 | |a TD7 UM 2017 NTI |w LC |c 1 |i A516725933 |d 12/7/2017 |f 12/7/2017 |g 1 |l STACKS |m P07JURUTER |r N |s Y |t TESIS |u 12/7/2017 |1 STEM | ||
| 999 | |a TD7 UM 2017 NTI |w LC |c 2 |i A516725920 |d 12/7/2017 |f 12/7/2017 |g 1 |l COUNTER |m P07JURUTER |r N |s Y |t CD |u 12/7/2017 |1 STEM | ||
| 999 | |a TD7 UM 2017 NTI |w LC |c 1 |i A516673635 |l STACKS |m P01UTAMA |r Y |s Y |t TESIS |u 19/7/2017 |1 STEM | ||
